Dlhopisy majú na slovenskom kapitálovom trhu predpoklady ďalšieho rozvoja

Obchodovanie s dlhopismi tvorí značnú časť obchodov na kapitálovom trhu. Rizikovosť dlhopisov. Výnos z investovania do dlhopisov. Technika výnosovej krivky. Typy dlhopisov. Vývoj emisií dlhopisov na kapitálovom trhu v SR. Výhody dlhopisov.

Salvato in:
Dettagli Bibliografici
Autore principale: Kukliš, V.
Natura: Capitolo di libro
Lingua:slovacco
Soggetti:
Tags: Aggiungi Tag
Nessun Tag, puoi essere il primo ad aggiungerne!!

MARC

LEADER 00000naa a2200000 4500
001 r022142
005 20230921075848.3
041 0 |a slo 
044 |a SK 
245 1 0 |a Dlhopisy majú na slovenskom kapitálovom trhu predpoklady ďalšieho rozvoja  |c V. Kukliš 
520 |a Obchodovanie s dlhopismi tvorí značnú časť obchodov na kapitálovom trhu. Rizikovosť dlhopisov. Výnos z investovania do dlhopisov. Technika výnosovej krivky. Typy dlhopisov. Vývoj emisií dlhopisov na kapitálovom trhu v SR. Výhody dlhopisov. 
610 2 0 |a dlhopisy 
610 2 0 |a trh kapitálový 
610 2 0 |a Slovensko 
610 2 0 |a riziko 
610 2 0 |a výnosy 
100 1 |a Kukliš, V.